| 000 | nam a22 a 4500 | ||
|---|---|---|---|
| 999 |
_c4708 _d4708 |
||
| 003 | AKMAL | ||
| 005 | 20170731114221.0 | ||
| 008 | 170731s2017 my | e l 000 0 may d | ||
| 020 | _cRM32.00 | ||
| 082 | 0 | 4 |
_a346.595082 MAL _222 |
| 090 | 0 | 0 |
_a346.595082 _bMAL |
| 110 | 1 |
_aMalaysia _9400 |
|
| 245 | 1 | 0 |
_aAkta Bank Islam 1983 (Akta 276) : _b(hingga Julai 2007) / _c disusun oleh:Penasihat Undang-Undang MDC |
| 260 |
_aKuala Lumpur : _bMDC Publishers, _c2017 |
||
| 300 |
_a48ms. ; _c27cm. |
||
| 490 | 1 | _aUndang-undang Malaysia | |
| 650 | 1 | 0 |
_aBanking law (Islamic law) _zMalaysia _99028 |
| 830 | 0 |
_aUNDANG-UNDANG MALAYSIA _99029 |
|
| 942 |
_2ddc _cBOOK |
||
| 950 | _lAKMAL | ||